00353nam a2200133Ia 4500008004100000020001500041041001200056082001600068100001100084245007100095260002400166300000800190650002100198221030s9999 xx 000 0 und d a0070434484 aEnglish a105.23bBad aB. Ram 0aAdvanced Microprocessors & Interfacing ( DEPARTMENTAL )cby B. Ram bTMHaNew Delhic388 a388 aCSE Departmental